Panorama regional
সংরক্ষণ করুন:
| বিন্যাস: | পাঠ্য |
|---|---|
| বিষয়গুলি: | |
| ট্যাগগুলো: |
ট্যাগ যুক্ত করুন
কোনো ট্যাগ নেই, প্রথমজন হিসাবে ট্যাগ করুন!
|
MARC
| LEADER | 00000 a a2200000 04500 | ||
|---|---|---|---|
| 001 | 10260 | ||
| 003 | |||
| 040 | |||
| 245 | |a Panorama regional | ||
| 650 | |a RECESION ECONOMICA | ||
| 650 | |a POBREZA | ||
| 773 | |g número 26; páginas 1,3 | ||
| 999 | |c 26307 |d 26307 | ||
